| 000 | 00760cam a2200265 a 4500 | ||
|---|---|---|---|
| 001 | 000018416 | ||
| 005 | 20240509200458.0 | ||
| 008 | 890124s1948 fr b 001 0 fre d | ||
| 010 | _a 49023425 | ||
| 035 | _a(DLC) 49023425 | ||
| 035 | _a(OCoLC)19058512 | ||
| 040 |
_aDO-SdBNP _bBNPHU _cLNT-L _dDLC |
||
| 082 |
_a168 _bC678a |
||
| 100 | 1 |
_aCohendy, Georges _939875 |
|
| 245 | 1 | 2 |
_aL'art de la plaidoirie / _cGeorges Cohendy. |
| 250 | _a3e ed. | ||
| 260 |
_aParis : _bLibrairie Générale de droit et de jurisprudence, _c1948. |
||
| 300 |
_a119 p. ; _c23 cm. |
||
| 504 | _aBibliografía: p. [115] | ||
| 650 | 4 |
_aOratoria _91172 |
|
| 650 | 0 |
_aLógica _9332 |
|
| 650 | 4 |
_aDebates _939876 |
|
| 910 | _aCatalogación por derivada / LC | ||
| 049 | _aBNGR | ||
| 999 |
_c17937 _d17937 |
||